|
|
|
|
| LEADER |
01448nam a22003854a 4500 |
| 001 |
EBC456890 |
| 003 |
MiAaPQ |
| 005 |
20200520144314.0 |
| 006 |
m o d | |
| 007 |
cr cn||||||||| |
| 008 |
081117s2008 maua sb 001 0 eng |
| 010 |
|
|
|z 2008531120
|
| 020 |
|
|
|z 9781596933392
|
| 035 |
|
|
|a (MiAaPQ)EBC456890
|
| 035 |
|
|
|a (Au-PeEL)EBL456890
|
| 035 |
|
|
|a (CaPaEBR)ebr10312927
|
| 035 |
|
|
|a (OCoLC)506073321
|
| 040 |
|
|
|a MiAaPQ
|c MiAaPQ
|d MiAaPQ
|
| 050 |
|
4 |
|a HF5439.H54
|b C37 2008
|
| 082 |
0 |
4 |
|a 658.8
|2 21
|
| 100 |
1 |
|
|a Care, John,
|c B.Sc.
|
| 245 |
1 |
0 |
|a Mastering technical sales
|h [electronic resource] :
|b the sales engineer's handbook /
|c John Care, Aron Bohlig.
|
| 250 |
|
|
|a 2nd. ed.
|
| 260 |
|
|
|a Boston, MA :
|b Artech House,
|c 2008.
|
| 300 |
|
|
|a xviii, 340 p. :
|b ill.
|
| 490 |
1 |
|
|a Artech House technology management and professional development library
|
| 504 |
|
|
|a Includes index.
|
| 533 |
|
|
|a Electronic reproduction. Ann Arbor, MI : ProQuest, 2015. Available via World Wide Web. Access may be limited to ProQuest affiliated libraries.
|
| 650 |
|
0 |
|a Selling
|x High technology.
|
| 650 |
|
0 |
|a High technology industries
|x Marketing.
|
| 655 |
|
4 |
|a Electronic books.
|
| 700 |
1 |
|
|a Bohlig, Aron.
|
| 710 |
2 |
|
|a ProQuest (Firm)
|
| 830 |
|
0 |
|a Artech House technology management and professional development library.
|
| 856 |
4 |
0 |
|u https://ebookcentral.proquest.com/lib/matrademy/detail.action?docID=456890
|z Click to View
|